| 000 | 00515nam a2200097Ia 4500 | ||
|---|---|---|---|
| 008 | 180130s9999 xx 000 0 und d | ||
| 245 |
_cKundu, Pradyut; Debsarkar, Anupam; Mukherjee, Somnath _aArtificial neural network modeling for biological removal of organic carbon and nitrogen from slaughterhouse wastewater in a sequencing batch reactor |
||
| 260 | _c2014 | ||
| 300 | _aBook title: Design and simulation of intelligent systems and neural networks--Acession number C20723; pages 35-74 | ||
| 650 | _aCOMPUTER SCIENCE | ||
| 999 |
_c354247 _d354247 |
||